[Event "LSS No Engine Cup 131 Preliminary 0"]
[Site "LSS email"]
[Date "2015.05.18"]
[Round "?"]
[White "Vergara Rodriguez, Jose Antonio"]
[Black "Szokol, Imre"]
[Result "1-0"]
[WhiteElo "1600"]
[BlackElo "1840"]
[PlyCount "86"]
[EventDate "2015.05.19"]
[EventType "tourn (corr)"]
[EventRounds "6"]
[EventCountry "GER"]
[SourceTitle "Corr 2022"]
[Source "ChessBase"]
[SourceDate "2021.10.24"]
[SourceVersion "1"]
[SourceVersionDate "2021.10.24"]
[SourceQuality "1"]

1. e4 d6 2. d4 Nf6 3. Nc3 g6 4. f3 Bg7 5. Be3 0-0 6. Qd2 Nc6 7. 0-0-0 a6 8. h4 Nh5 9. Nge2 e5 10. g4 exd4 11. Nxd4 Ng3 12. Nxc6 bxc6 13. Rh3 Nxf1 14. Rxf1 h5 15. Bh6 hxg4 16. Bxg7 Kxg7 17. fxg4 Bxg4 18. Rh2 Qe7 19. h5 Bxh5 20. Rg1 Qe5 21. Rg5 Qf6 22. Rhxh5 Rh8 23. Rxh8 Rxh8 24. Rg1 Qf3 25. Qd4+ Kg8 26. Qa7 Rh1 27. Rxh1 Qxh1+ 28. Nd1 Qh6+ 29. Ne3 Qh1+ 30. Kd2 Qxe4 31. Qxa6 Qd4+ 32. Ke2 Qxb2 33. a4 Kg7 34. Qxc6 Qa1 35. Qb5 Qc3 36. a5 f5 37. a6 f4 38. Qd7+ Kf8 39. Qd8+ Kf7 40. Qe7+ Kg8 41. Qe8+ Kh7 42. a7 fxe3 43. Qe7+ Kg8 1-0

[Event "LSS No Engine Cup 129 Preliminary 0"]
[Site "LSS email"]
[Date "2015.04.09"]
[Round "?"]
[White "Neumann, Otto"]
[Black "Szokol, Imre"]
[Result "0-1"]
[WhiteElo "1164"]
[BlackElo "1880"]
[PlyCount "50"]
[EventDate "2015.04.10"]
[EventType "tourn (corr)"]
[EventRounds "6"]
[EventCountry "GER"]
[SourceTitle "Corr 2022"]
[Source "ChessBase"]
[SourceDate "2021.10.24"]
[SourceVersion "1"]
[SourceVersionDate "2021.10.24"]
[SourceQuality "1"]

1. d4 Nf6 2. c4 g6 3. Nc3 d5 4. Nf3 Bg7 5. Bf4 0-0 6. e3 c6 7. Bd3 e6 8. 0-0 Nbd7 9. Rc1 dxc4 10. Bxc4 Nd5 11. Bg3 Qb6 12. Bb3 N7f6 13. Ne5 Nh5 14. Bh4 Nhf6 15. Bxf6 Nxf6 16. Qc2 Nd5 17. Qe4 f5 18. Qf3 Qc7 19. Nxd5 exd5 20. Qxd5+ Kh8 21. Nf7+ Kg8 22. Ng5+ Kh8 23. Qf3 h6 24. Bf7 Qe7 25. Qg3 Qxg5 0-1

[Event "LSS No Engine Cup 125 Preliminary 0"]
[Site "LSS email"]
[Date "2015.02.12"]
[Round "?"]
[White "Szokol, Imre"]
[Black "Korinek, Jaroslav"]
[Result "0-1"]
[WhiteElo "1865"]
[BlackElo "2014"]
[PlyCount "78"]
[EventDate "2015.02.13"]
[EventType "tourn (corr)"]
[EventRounds "6"]
[EventCountry "GER"]
[SourceTitle "Corr 2022"]
[Source "ChessBase"]
[SourceDate "2021.10.24"]
[SourceVersion "1"]
[SourceVersionDate "2021.10.24"]
[SourceQuality "1"]

1. e4 c5 2. Nf3 d6 3. d4 cxd4 4. Nxd4 Nf6 5. Nc3 g6 6. f3 Nc6 7. Be3 Bg7 8. Qd2 a6 9. 0-0-0 0-0 10. g4 Nxd4 11. Bxd4 Be6 12. Kb1 Nd7 13. Bxg7 Kxg7 14. h4 Qa5 15. h5 g5 16. a3 h6 17. Qd4+ Qe5 18. Qd2 b5 19. Bd3 Nc5 20. Rhe1 Rfb8 21. Nd5 Ra7 22. Nb4 Bd7 23. Nd5 Na4 24. c3 a5 25. Bc2 b4 26. Bxa4 Bxa4 27. cxb4 Bxd1 28. Rxd1 Rab7 29. Qc3 e6 30. Qxe5+ dxe5 31. Ne3 axb4 32. axb4 Rxb4 33. Rd2 Rb3 34. Re2 Rc3 35. Ka2 Rd3 36. Nc4 Ra8+ 37. Kb1 Rxf3 38. Nxe5 Rf4 39. Kc2 f6 0-1